| 000 | 00996nam a2200229Ia 4500 | ||
|---|---|---|---|
| 001 | L453-2254 | ||
| 003 | IT-CnALBA | ||
| 008 | 170116s9999||||xx |||||||||||||| ||und|| | ||
| 040 |
_aIT-CnALBA _cIT-CnALBA |
||
| 041 | _aITALIANO | ||
| 100 | _aDURO ALDO | ||
| 245 | 0 | _aVOCABOLARIO DELLA LINGUA ITALIANA. VOLL. I, II, III*, III** IV. | |
| 250 | _a1a ed. | ||
| 260 |
_aROMA _bTRECCANI IST. ENCICLOPEDIA ITAL. _c1986 [1° Ed.: n.d.] |
||
| 300 | _a p. (prefazione: 40) | ||
| 500 | _aREDAZIONE. AVVERTENZE. CONSULENTI. ILLUSTRAZIONI. INTRODUZIONE. PREFAZIONE. ABBREVIAZIONI. REFERENZE ICONOGRAFICHE DELLE TAVOLE ILLUSTRATIVE. | ||
| 501 | _aSocietà San Paolo EM - Piazza San Paolo, 14 - 12051 ALBA (CN) (non commercial uses only) ® Copyright 2017 | ||
| 520 | _aREDAZIONE. AVVERTENZE. CONSULENTI. ILLUSTRAZIONI. INTRODUZIONE. PREFAZIONE. ABBREVIAZIONI. REFERENZE ICONOGRAFICHE DELLE TAVOLE ILLUSTRATIVE. | ||
| 650 | _aDIZIONARI DELLA LINGUA ITALIANA | ||
| 942 | _cBK | ||
| 957 | _71 | ||
| 999 |
_a3231 _bSI _g Copie: 1 _c261440 _d261440 |
||